[Event "Bucharest"]
[Site "Bucharest"]
[Date "1995.??.??"]
[Round "4"]
[White "Babici, Roman"]
[Black "Manolache, Marius"]
[Result "0-1"]
[WhiteElo "2280"]
[BlackElo "2375"]

1.e4 c5 2.c3 Nf6 3.e5 Nd5 4.Bc4 Nb6 5.Bb3 Nc6 6.Nf3 g6 7.O-O Bg7 8.d4 cxd4
9.cxd4 O-O 10.Re1 d5 11.h3 a5 12.Nc3 h6 13.Be3 Be6 14.Rc1 Ra6 15.a3 Qd7 16.Na4 Nxa4
17.Bxa4 Rb6 18.Qd2 Bf5 19.Bxh6 Bxh3 20.e6 Bxe6 21.Ne5 Qd6 22.Bxg7 Kxg7 23.Bxc6 bxc6
24.Qxa5 Rxb2 25.Rxc6 Qb8 26.Qc5 Rb1 27.Rxb1 Qxb1+ 28.Qc1 Qxc1+ 29.Rxc1 Ra8
30.Rc3 f6 31.Nc6 Rc8 32.Rc5 Kf8 33.f3 Ke8 34.Kf2 Kd7 35.Nb4 Ra8 36.Rc3 g5
37.Ke3 Bf7 38.Nd3 Kd6 39.Nc5 Ra7 40.Rb3 Be8 41.Rb6+ Bc6 42.Rb3 e5 43.Rc3 Bb5
44.g3 Bc4 45.f4 Rc7 46.fxe5+ fxe5 47.Nd3 exd4+ 48.Kxd4 Re7 49.Nf2 Re2 50.Rf3 Rd2+
51.Kc3 Ra2 52.Kd4 Rd2+ 53.Kc3 Re2 54.Nd1 Kc5 55.Rf5 g4 56.Nf2 Re3+ 57.Kd2 Rxa3
58.Nxg4 Rd3+ 59.Kc2 Rxg3 60.Nf2 Re3 61.Kd2 Ra3 62.Nd1 Ra2+ 63.Kc3 Ra3+ 64.Kd2 Rd3+
65.Kc2 Rh3 66.Kd2 Rd3+ 67.Kc2 Rd4 68.Nb2 Bb5 69.Kc3 Rh4 70.Nd3+ Kd6 71.Nf4 Bc4
72.Rf6+ Kc5 73.Ne6+ Kb6 74.Nf4+ Kb5 75.Kd4 Rh1 76.Rd6 Rd1+ 77.Ke5 Re1+ 78.Kf5 Rf1
79.Ke5 Kc5 80.Ne6+ Kb4 81.Nf4 Re1+ 82.Kf5 Kb5 83.Rd8 Kc6 84.Ne6 Bd3+ 85.Kf6 Bb1
86.Nd4+ Kc5 87.Ne6+ Kc4 88.Rc8+ Kb4 89.Rb8+ Kc3 90.Rc8+ Kd3 91.Nf4+ Kd4 92.Ne6+ Kd3
93.Rd8 Ba2 94.Kf5 Rh1 95.Kg5 Bc4 96.Rd7 Ke4 97.Rd8 Ke5 98.Nc5 Rg1+ 99.Kh4 d4
100.Nd7+ Kf4  0-1

[Event "Budapest FS07 GM"]
[Site "Budapest"]
[Date "1995.??.??"]
[Round "?"]
[White "Godena, Michele"]
[Black "Enders, Peter"]
[Result "0-1"]
[WhiteElo "2420"]
[BlackElo "2470"]

1.e4 c5 2.c3 Nf6 3.e5 Nd5 4.Nf3 Nc6 5.d4 cxd4 6.cxd4 d6 7.Bc4 dxe5 8.dxe5 Nb6
9.Qxd8+ Nxd8 10.Bb3 Be6 11.Be3 Nc4 12.Bxc4 Bxc4 13.Na3 Ba6 14.Nd4 Rc8 15.Ndb5 Nc6
16.e6 fxe6 17.Nxa7 Nxa7 18.Bxa7 g5 19.Bd4 Rg8 20.Bc3 g4 21.Nc2 Bg7 22.Nd4 Bxd4
23.Bxd4 Rc2 24.Kd1 Rc4 25.Be3 Kf7 26.Rc1 Rd8+ 27.Ke1 Re4 28.Rc3 Bd3 29.g3 Ra4
30.a3 Be4 31.f3 gxf3 32.Kf2 e5 33.Rhc1 Bc6 34.Rxc6 bxc6 35.Kxf3 Rd6 36.Ke2 Ke6
37.Bc5 Rd5 38.b3 Ra8 39.a4 e4 40.Bb6 Rd3 41.Rxc6+ Rd6 42.Rxd6+ exd6 43.a5 Ke5
44.g4 d5 45.Ke3 Rf8 46.Bc7+ Ke6 47.Bf4 Rc8 48.Kd4 Rc2 49.h4 Rf2 50.Bb8 Rf3
51.b4 Rb3 52.Kc5 e3 53.a6 e2  0-1

[Event "Budapest FS11 GM"]
[Site "Budapest"]
[Date "1995.??.??"]
[Round "1"]
[White "Acs, Peter"]
[Black "Cao Sang"]
[Result "0-1"]
[WhiteElo "2370"]
[BlackElo "2420"]

1.e4 c5 2.c3 Nf6 3.e5 Nd5 4.d4 cxd4 5.Nf3 Nc6 6.Bc4 Nb6 7.Bb3 g6 8.Ng5 d5
9.exd6 e6 10.cxd4 Bg7 11.Be3 Qxd6 12.Nf3 Nd5 13.O-O O-O 14.Nc3 Nxe3 15.fxe3 b6
16.d5 exd5 17.Nxd5 Ba6 18.Rc1 Rac8 19.Rf2 Na5 20.Rxc8 Rxc8 21.Ng5 Nxb3 22.Nxf7 Qc5
23.axb3 Bb7 24.Nc3 Qxe3 25.Qd7 Ba6 26.g3 Rf8 27.Qd5 Bd4 28.Ne4 Kg7 29.Kg2 Bc8
30.Rf1 Bg4 31.Rf2 a5 32.Qb7 Bc8 33.Qe7 Qxf2+ 34.Nxf2 Rxf7  0-1

[Event "Budapest FS11 GM"]
[Site "Budapest"]
[Date "1995.??.??"]
[Round "1"]
[White "Pavasovic, Dusko"]
[Black "Volzhin, Alexander"]
[Result "0-1"]
[WhiteElo "2450"]
[BlackElo "2460"]

1.e4 c5 2.c3 Nf6 3.e5 Nd5 4.d4 cxd4 5.Nf3 Nc6 6.cxd4 d6 7.Bc4 Nb6 8.Bb3 dxe5
9.d5 Nb4 10.Nc3 e6 11.Bg5 Be7 12.Bxe7 Qxe7 13.d6 Qf6 14.Ne4 Qg6 15.Qe2 Nc6
16.O-O f5 17.d7+ Nxd7 18.Nh4 Qh6 19.Nd6+ Kf8 20.Nhxf5 exf5 21.Rad1 Nb6 22.Nf7 Qf6
23.Nxh8 Be6 24.Rd6 Nd4 25.Qh5 Nxb3 26.axb3 Kg8 27.Ra1 Nd7 28.Qd1 Qe7 29.Qd2 Kxh8
30.Rd1 Nf8 31.Qc3 Ng6 32.h4 Rc8 33.Qe3 f4 34.Qe4 Bxb3 35.Rd7 Qe8 36.R1d2 Nxh4
37.Qxb7 Bg8 38.Rxg7 Rc1+ 39.Kh2 Nf3+ 40.Qxf3 Kxg7 41.Qg4+ Qg6  0-1

[Event "Budapest FS10 GM"]
[Site "Budapest"]
[Date "1995.??.??"]
[Round "1"]
[White "Seul, Georg"]
[Black "Enders, Peter"]
[Result "0-1"]
[WhiteElo "2430"]
[BlackElo "2470"]

1.e4 c5 2.c3 Nf6 3.e5 Nd5 4.g3 d6 5.exd6 Qxd6 6.Bg2 Nc6 7.Ne2 g6 8.Na3 Nc7
9.d3 Bf5 10.Qb3 O-O-O 11.d4 Be6 12.dxc5 Qxc5 13.Qa4 Bd5 14.Be3 Qa5 15.Qxa5 Nxa5
16.Bxd5 Nxd5 17.Bxa7 e5 18.c4 Bxa3 19.bxa3 Nxc4 20.Rc1 b5 21.a4 Kb7 22.Be3 Ndxe3
23.fxe3 Nxe3 24.axb5 Rd3 25.a4 Ra8 26.Ra1 Nc2+ 27.Kf2 Nxa1 28.Rxa1 Kb6 29.Rc1 Rxa4
30.Rc6+  0-1

[Event "Budapest FS03 GM"]
[Site "Budapest"]
[Date "1995.??.??"]
[Round "1"]
[White "Onoprienko, Konstantin"]
[Black "Kjeldsen, Jens"]
[Result "0-1"]
[WhiteElo "2335"]
[BlackElo "2410"]

1.e4 c5 2.c3 Nf6 3.e5 Nd5 4.g3 Nc6 5.Bg2 Qc7 6.Qe2 Qxe5 7.Qxe5 Nxe5 8.Bxd5 Nd3+
9.Ke2 Nxc1+ 10.Ke3 e6 11.Bc4 b5 12.Bxb5 Rb8 13.Na3 c4 14.Bxc4 Rxb2 15.Nb5 d5
16.Bf1 Nxa2 17.f4 Bc5+ 18.Nd4 O-O 19.Bd3 f6 20.Rb1 Rxb1 21.Bxb1 Nc1 22.Nf3 Nb3
23.Ba2 Nxd4 24.cxd4 Bb6 25.f5 exf5 26.Bxd5+ Kh8 27.Bc6 g5 28.Rc1 Rd8 29.Rc4 Be6
30.Ra4 Rd6 31.Bb5 Kg7 32.Ne1 a5 33.Nd3  0-1

[Event "Budapest FS02 IM-A"]
[Site "Budapest"]
[Date "1995.??.??"]
[Round "1"]
[White "Vajda, Levente"]
[Black "Tornai, Imre"]
[Result "1-0"]
[WhiteElo "2320"]
[BlackElo "2250"]

1.e4 c5 2.c3 Nf6 3.e5 Nd5 4.d4 cxd4 5.Nf3 Nc6 6.Bc4 Nb6 7.Bb3 d5 8.exd6 e6
9.cxd4 Bxd6 10.O-O O-O 11.Nc3 Nd5 12.Ne4 Be7 13.a3 f5 14.Nc3 Bf6 15.Nxd5 exd5
16.Bf4 Be6 17.Re1 Re8 18.Qd3 g6 19.Ba4 Qa5 20.Bxc6 bxc6 21.b4 Qb6 22.Be5 Bxe5
23.Nxe5 a5 24.Qc3 axb4 25.axb4 Rac8 26.h4 Bf7 27.Rec1 Re6 28.Ra5 Be8 29.b5 Qd8
30.bxc6 Qxh4 31.Rxd5 g5 32.Qb3 Kh8 33.Qa3 Kg7 34.Rd6 Qh6 35.Qa7+ Kg8 36.Qa2 Bf7
37.Nxf7 Kxf7 38.Re1  1-0

[Event "Budapest FS06 IM"]
[Site "Budapest"]
[Date "1995.??.??"]
[Round "2"]
[White "Palkovi, Jozsef"]
[Black "Gardner, Robert"]
[Result "1-0"]
[WhiteElo "2420"]
[BlackElo "2185"]

1.e4 c5 2.c3 Nf6 3.e5 Nd5 4.Nf3 e6 5.d4 cxd4 6.cxd4 b6 7.Nc3 Nxc3 8.bxc3 Be7
9.Bd3 Qc7 10.c4 Bb7 11.O-O d6 12.Re1 Nd7 13.Bf4 dxe5 14.Nxe5 Nxe5 15.Bxe5 Bd6
16.c5 bxc5 17.Bb5+ Bc6 18.Qf3 Rc8 19.Bxc6+ Qxc6 20.d5 Qc7 21.Bxg7 Rg8 22.Qc3 Bxh2+
23.Kf1 Qf4 24.dxe6 Qg5 25.Qh3 Bf4 26.g3 Bd2 27.exf7+ Kxf7 28.Qd7+ Kg6 29.Re6+ Kh5
30.Kg2 Qxg7 31.Rh1+ Kg5 32.Qd5+  1-0

[Event "HUN-ch (Women)"]
[Site "Budapest"]
[Date "1995.??.??"]
[Round "2"]
[White "Csom, Etelka"]
[Black "Grabics, Monika"]
[Result "1/2-1/2"]
[WhiteElo "2130"]
[BlackElo "2315"]

1.e4 c5 2.c3 Nf6 3.e5 Nd5 4.d4 cxd4 5.Nf3 Nc6 6.cxd4 d6 7.Bc4 Nb6 8.Bb5 dxe5
9.Nxe5 Bd7 10.Bxc6 Bxc6 11.Nxc6 bxc6 12.O-O g6 13.Re1 Bg7 14.Bg5 O-O 15.Bxe7 Qxd4
16.Qxd4 Bxd4 17.Nd2 Rfe8 18.Ba3 Na4 19.Nc4 Rab8 20.Kf1 Kg7 21.Rxe8 Rxe8 22.Re1 Rb8
23.Re2 c5 24.f3 h5 25.Rd2 Kf6 26.b3 Nb6 27.Nd6 Nd7 28.Bb2 Bxb2 29.Rxb2 Ke6
30.Rd2 Nb6 31.Ke2 f5 32.Nb5 Nd5 33.Nxa7 Kd6 34.a4 Rxb3 35.Nb5+ Ke5 36.Rc2 Nf4+
37.Kf2 Kd5 38.Nc7+ Kd4 39.g3 Nd3+ 40.Ke2 c4 41.a5 Rb7 42.Ne6+ Kd5 43.Nf4+ Nxf4+
44.gxf4 Ra7 45.Ra2 Kc5 46.Ke3 Ra6 47.Ra1 h4 48.h3 Kb4 49.Kd4 Rd6+ 50.Ke5 Rd8
51.a6 c3 52.Rb1+ Kc4 53.a7 Ra8 54.Rb7 c2 55.Rc7+ Kd3 56.Rd7+ Ke3 57.Rc7 Rxa7
58.Rxc2 Kxf3 59.Rc3+ Kg2 60.Kf6 Ra6+ 61.Kg5 Ra4 62.Rb3 Re4 63.Ra3 Kf2 64.Kxg6 Rxf4
65.Kg5 Rf3 66.Rxf3+ Kxf3 67.Kxf5 Kg3 68.Ke4 Kxh3 69.Kf3 Kh2 70.Kf2 h3 71.Kf1 Kg3  1/2-1/2

[Event "Budapest FS11 IM-B"]
[Site "Budapest"]
[Date "1995.??.??"]
[Round "3"]
[White "Estrada Nieto, Julian"]
[Black "Peretz, Malkiel"]
[Result "1/2-1/2"]
[WhiteElo "2295"]
[BlackElo "2280"]

1.e4 c5 2.c3 Nf6 3.e5 Nd5 4.Nf3 Nc6 5.Bc4 e6 6.d4 d6 7.O-O dxe5 8.dxe5 Nb6
9.Bd3 c4 10.Be4 Qxd1 11.Rxd1 Bd7 12.Be3 Na5 13.Nbd2 Nd5 14.Bd4 Be7 15.b4 cxb3
16.axb3 Nc6 17.Bxd5 exd5 18.Be3 O-O 19.b4 a6 20.Nb3 Be6 21.Bc5 Rfc8 22.Ra3 Bd8
23.Bd6 Na7  1/2-1/2

[Event "Budapest FS08 GM"]
[Site "Budapest"]
[Date "1995.??.??"]
[Round "3"]
[White "Acs, Peter"]
[Black "Nikolaidis, Ioannis"]
[Result "1-0"]
[WhiteElo "2370"]
[BlackElo "2540"]

1.e4 c5 2.c3 Nf6 3.e5 Nd5 4.d4 cxd4 5.Nf3 Nc6 6.Bc4 Nb6 7.Bb3 g6 8.Ng5 Nxe5
9.Bf4 Bg7 10.Bxe5 Bxe5 11.Nxf7 dxc3 12.Nxe5 cxb2 13.Qd2 Nc4 14.Bxc4 Qb6 15.Qc3 bxa1=Q
16.Qxa1 Qf6 17.Qd4 d6 18.Nf3 Qxd4 19.Nxd4 Bd7 20.O-O Rc8 21.Nd2 b5 22.Nxb5 Rxc4
23.Nxc4 Bxb5 24.Rb1 Bxc4 25.Rb8+ Kf7 26.Rxh8 Bxa2 27.Ra8 g5 28.Rxa7 Bb1 29.f3 Kf6
30.Kf2 Bg6 31.Kg3 e5 32.Ra6 Ke6 33.Kg4 h6 34.Rb6 Bf7 35.g3 Bg6 36.Ra6 Bf7
37.h4 gxh4 38.Kxh4 Be8 39.Rb6 Bf7 40.Kg4 Bg6 41.Rb8 Kf6 42.Rd8 h5+ 43.Kh4 Ke7
44.Rb8 Bc2 45.Rc8 Bd1 46.Rc3 Ke6 47.Rd3 Be2 48.Re3 Bd1 49.Kxh5 d5 50.Kg5 d4
51.Ra3 Bc2 52.f4 d3 53.f5+ Kd7 54.Ra7+ Kc6 55.f6 d2 56.Ra1 Bb3 57.f7 Bxf7
58.Rd1 Kd5 59.Rxd2+ Ke4 60.g4 Ke3 61.Rd7 Bc4 62.Kf5 e4 63.Rc7 Bd3 64.Rh7 Be2
65.g5 Kd2 66.Rh2 e3 67.Ke4  1-0

[Event "Budapest FS02 IM (Women)"]
[Site "Budapest"]
[Date "1995.??.??"]
[Round "4"]
[White "Hausmann, Ilka"]
[Black "Schaefer, Anke"]
[Result "0-1"]
[WhiteElo "2135"]
[BlackElo "2130"]

1.e4 c5 2.c3 Nf6 3.e5 Nd5 4.d4 cxd4 5.Nf3 e6 6.cxd4 b6 7.Bd3 Bb7 8.Be3 d6
9.O-O Nd7 10.Qe2 Be7 11.Nbd2 O-O 12.a3 dxe5 13.dxe5 Nc5 14.Bc4 a5 15.Bxc5 Bxc5
16.Ne4 Nf4 17.Qc2 Rc8 18.Nfg5 Bxe4 19.Nxe4 Qd4 20.Ng5 g6 21.Ba6 Rcd8 22.Nf3 Qd5
23.Rfd1 Nh3+ 24.gxh3 Qxf3 25.Bf1 Rxd1 26.Rxd1 Bxf2+ 27.Qxf2 Qxd1 28.Qxb6 Qd5
29.Qc7 Rd8  0-1

[Event "Budapest FS02 IM-A"]
[Site "Budapest"]
[Date "1995.??.??"]
[Round "4"]
[White "Galyas, Miklos"]
[Black "Dobos, Jozsef"]
[Result "1-0"]
[WhiteElo "2275"]
[BlackElo "2325"]

1.e4 c5 2.c3 Nf6 3.e5 Nd5 4.d4 cxd4 5.Nf3 Nc6 6.cxd4 d6 7.Bc4 Nb6 8.Bb5 dxe5
9.Nxe5 Bd7 10.Nc3 Nxe5 11.dxe5 Bxb5 12.Nxb5 Qxd1+ 13.Kxd1 O-O-O+ 14.Ke2 Rd5
15.a4 a6 16.Be3 Rxe5 17.Rac1+ Kb8 18.Rhd1 Nd5 19.Rxd5  1-0

[Event "Budapest FS09 GM"]
[Site "Budapest"]
[Date "1995.??.??"]
[Round "4"]
[White "Acs, Peter"]
[Black "Votava, Jan"]
[Result "0-1"]
[WhiteElo "2375"]
[BlackElo "2440"]

1.e4 c5 2.c3 Nf6 3.e5 Nd5 4.d4 cxd4 5.Nf3 Nc6 6.Bc4 Nb6 7.Bb3 d6 8.exd6 Qxd6
9.O-O Be6 10.Bxe6 Qxe6 11.Nxd4 Nxd4 12.Qxd4 Rd8 13.Qh4 Qe2 14.Nd2 h5 15.h3 g5
16.Qg3 g4 17.Nb3 gxh3 18.Nd4 Qg4 19.Qxh3 e6 20.Qxg4 hxg4 21.Bf4 Rd5 22.Rfe1 Bg7
23.Ne2 Na4 24.Rab1 Nc5 25.c4 Rd7 26.Be3 b6 27.Nf4 Na4 28.b3 Nc3 29.Rb2 Nd1
30.Rbe2 Bc3 31.Nd5 Bxe1 32.Nf6+ Ke7 33.Nxd7 Bc3 34.Nxb6 axb6 35.Bxb6 Rh5
36.a4 Kd7 37.a5 Kc6 38.Ra2 e5 39.a6 Rh8 40.a7 Ra8 41.c5 Bd4 42.Kf1 Nc3 43.Rc2 Nd5  0-1

[Event "Budapest FS11 GM"]
[Site "Budapest"]
[Date "1995.??.??"]
[Round "5"]
[White "Acs, Peter"]
[Black "Almasi, Istvan"]
[Result "0-1"]
[WhiteElo "2370"]
[BlackElo "2395"]

1.e4 c5 2.c3 Nf6 3.e5 Nd5 4.d4 cxd4 5.cxd4 d6 6.exd6 Qxd6 7.Nc3 g6 8.Nf3 Bg7
9.Bc4 Nb6 10.Be2 O-O 11.O-O Bg4 12.Be3 Nc6 13.h3 Bxf3 14.Bxf3 Nxd4 15.Bxd4 Qxd4
16.Qe2 e6 17.Bxb7 Rab8 18.Ba6 Nd5 19.Rac1 Nf4 20.Qc2 Qb6 21.Bc4 Qc6 22.Qe4 Qxe4
23.Nxe4 Rxb2 24.Rfd1 Ne2+ 25.Bxe2 Rxe2 26.Rc4 Rxa2 27.Rd7 Ra1+ 28.Kh2 Be5+
29.g3 Ra2 30.Kg2 a5 31.Rc5 Bg7 32.Rcc7 h6 33.Ra7 Be5 34.Kf3 a4 35.Ke3 Ra3+
36.Ke2 Ra2+ 37.Ke3 a3 38.f4 Bg7 39.Nd6 Rb8 40.Nxf7 Rb3+ 41.Rd3 Rg2 42.Ne5 Rxg3+
43.Ke4 Rb4+ 44.Rd4 Rxd4+ 45.Kxd4 Rxh3 46.Ke4 g5 47.Nd3 Bf8 48.Nf2 Re3+  0-1

[Event "Budapest Mediflora"]
[Site "Budapest"]
[Date "1995.??.??"]
[Round "5"]
[White "Palkovi, Jozsef"]
[Black "Hausrath, Daniel"]
[Result "1-0"]
[WhiteElo "2420"]
[BlackElo "2370"]

1.e4 c5 2.c3 Nf6 3.e5 Nd5 4.Nf3 Nc6 5.d4 cxd4 6.Bc4 Nb6 7.Bb3 d5 8.exd6 Qxd6
9.O-O Be6 10.Na3 Bxb3 11.Qxb3 Qd5 12.Nb5 Rc8 13.Bf4 Qxb3 14.axb3 Nd5 15.Bg3 a6
16.Nbxd4 Nxd4 17.Nxd4 e6 18.Rfd1 Bc5 19.Nf5 O-O 20.b4 Bb6 21.Nd6 Rc7 22.b5 axb5
23.Nxb5 Rc6 24.Rac1 h5 25.c4 Nf6 26.b4 Ra8 27.Nd6 Ra4 28.c5 Ba7 29.Ra1 Rca6
30.Rab1 Rc6 31.Nxb7 Nd5 32.b5 Rc8 33.Rdc1 h4 34.Bd6 Ra2 35.h3 g6 36.Ra1 Rxa1
37.Rxa1  1-0

[Event "Budapest FS02 IM-A"]
[Site "Budapest"]
[Date "1995.??.??"]
[Round "5"]
[White "Acs, Peter"]
[Black "Szuk, Balazs"]
[Result "1/2-1/2"]
[WhiteElo "2240"]
[BlackElo "2335"]

1.e4 c5 2.c3 Nf6 3.e5 Nd5 4.d4 cxd4 5.Nf3 Nc6 6.Bc4 Nb6 7.Bb3 d5 8.exd6 Qxd6
9.O-O Be6 10.Bxe6 Qxe6 11.Nxd4 Nxd4 12.Qxd4 Rd8 13.Qh4 Qe2 14.Nd2 h5 15.h3 g5
16.Qg3 g4 17.Nb3 Bg7 18.Bf4 Nd5 19.Rfe1 Qxb2 20.c4 Nxf4 21.Qxf4 gxh3 22.Qg5 Qf6
23.Qc5 hxg2 24.Rad1 Rxd1 25.Rxd1 Qc6 26.Qa5 b6 27.Qxa7 O-O 28.Qxe7 Qxc4 29.Qg5 Qe2
30.Qd2 Qg4 31.Qd7 Qxd7 32.Rxd7 Ra8 33.Rd2 Kh7 34.Kxg2 Kg6 35.Rd6+ f6 36.Rxb6 Rxa2
37.Nd4 Bh6 38.Kf3 Ra3+ 39.Kg2 Ra2 40.Kf3 Ra3+ 41.Kg2 Ra4 42.Rd6 Bg5 43.Rd5 Ra3
44.Nf3 Rc3 45.Rb5 h4 46.Nxg5 fxg5 47.Rb6+ Kh5 48.Rf6 Kg4 49.Rf8 Rc5 50.f3+ Kh5
51.f4 Rc2+ 52.Kg1  1/2-1/2

[Event "Budapest Hungaroil"]
[Site "Budapest"]
[Date "1995.??.??"]
[Round "5"]
[White "Proehl, Holger"]
[Black "Rigo, Janos"]
[Result "1/2-1/2"]
[WhiteElo "2350"]
[BlackElo "2310"]

1.e4 c5 2.c3 Nf6 3.e5 Nd5 4.g3 Qc7 5.f4 g5 6.c4 Nb4 7.a3 Qc6 8.Nf3 Nc2+ 9.Qxc2 Qxf3
10.Rg1 Nc6 11.Be2 Nd4 12.Qd1 Qb3 13.Kf2 gxf4 14.Nc3 fxg3+ 15.Rxg3 Qxd1 16.Bxd1 Nc6
17.b4 Bh6 18.Nd5 Kd8 19.d3 Bxc1 20.Rxc1 e6 21.Nf6 cxb4 22.axb4 Nxe5 23.d4 Ng6
24.c5 Ke7 25.Ne4 b6 26.Ra1 bxc5 27.dxc5 Bb7 28.Nd6 Bd5 29.Rga3 Ne5 30.Be2 Rhg8
31.Rg3 Nc6 32.b5 Nd4 33.Rd1 Rxg3 34.hxg3 Nb3 35.Nf5+ Kf6 36.Ne3 Bb7 37.Ng4+ Ke7
38.c6 dxc6 39.Ne5 Kf6 40.Ng4+ Kg5 41.Rd7 Nc5 42.Rxf7 cxb5 43.Rg7+ Kf5 44.Rf7+ Kg6
45.Ne5+ Kg5 46.Rxh7 Rf8+ 47.Ke3 Rf5 48.Nd3 Nxd3 49.Rxb7 Nb4 50.Bxb5 a5 51.Bc4 Kf6
52.Rb8 Re5+ 53.Kd2 Rc5 54.Bb3 Nc6 55.Rb6 Nd4 56.Bd1 Ke5 57.Rb8 Ke4 58.Rf8 e5
59.g4 Rd5 60.Rf6 Ne6+ 61.Kc1 Nf4 62.Bb3 Ne2+ 63.Kb2 Rb5 64.Ka3 Nd4 65.Bf7 Kd3
66.Bg6+ Kc3 67.Rf8 Rb4 68.Rc8+ Kd2 69.Rc5 Nb5+ 70.Ka2 e4 71.Bxe4 Nc3+ 72.Rxc3 Kxc3
73.Bf5 Ra4+ 74.Kb1 Rf4 75.Be6 Rf2 76.g5 Rg2 77.g6 Rxg6 78.Bf7 Rg3 79.Be6 Kb4
80.Bf7 Ka3 81.Be6 a4 82.Bf7 Rg1+ 83.Kc2 Rg7 84.Be6 Rb7 85.Bg8 Rb3 86.Bf7 Rb2+
87.Kc1 Rf2 88.Bg8 Kb4 89.Kb1 Kc3 90.Be6 Rb2+ 91.Ka1 Rb6 92.Bf7 Kb4 93.Kb2 Rf6  1/2-1/2

[Event "Budapest FS03 IM-A"]
[Site "Budapest"]
[Date "1995.??.??"]
[Round "7"]
[White "Szabo, Zsolt"]
[Black "Farago, Sandor"]
[Result "0-1"]
[WhiteElo "2225"]
[BlackElo "2360"]

1.e4 c5 2.c3 Nf6 3.e5 Nd5 4.d4 cxd4 5.Nf3 e6 6.cxd4 d6 7.Bd3 Be7 8.O-O Nc6
9.exd6 Qxd6 10.Nbd2 Qd8 11.Ne4 h6 12.a3 O-O 13.Bc2 f5 14.Ng3 Bd6 15.Re1 Qf6
16.h4 Bd7 17.Qd3 Rac8 18.Bd2 a6 19.Rad1 Nce7 20.Bb3 Ng6 21.h5 Ngf4 22.Bxf4 Nxf4
23.Qd2 Bc6 24.Ne5 Bxe5 25.Rxe5 Qg5 26.Bxe6+ Nxe6 27.Rxe6 f4 28.Rg6 Qd5 29.f3 fxg3
30.Qxh6 Rc7 31.Rxg3 Ba4 32.Rd2 Rf5 33.Rg4 Rxh5 34.Qg6 Qf7 35.Qd3 Rc1+ 36.Kf2 Bb5
37.Qe3 Qc7 38.Qe6+ Kh8 39.f4 Bd7  0-1

[Event "Budapest FS08 GM"]
[Site "Budapest"]
[Date "1995.??.??"]
[Round "7"]
[White "Acs, Peter"]
[Black "Schneider, Attila"]
[Result "0-1"]
[WhiteElo "2370"]
[BlackElo "2355"]

1.e4 c5 2.c3 Nf6 3.e5 Nd5 4.d4 cxd4 5.Nf3 Nc6 6.Bc4 Nb6 7.Bb3 d6 8.exd6 Qxd6
9.O-O Be6 10.Bxe6 Qxe6 11.Nxd4 Nxd4 12.Qxd4 Rd8 13.Qh4 Qe2 14.Nd2 h5 15.h3 g5
16.Qg3 g4 17.h4 Bg7 18.Nb3 O-O 19.Nd4 Bxd4 20.cxd4 Qe4 21.Bd2 Nd5 22.Rae1 Qg6
23.f3 Qd3 24.Bh6 Qxd4+ 25.Kh2 Rfe8 26.Re5 Kh7 27.Bd2 Nf6 28.Bc3 Qd6 29.Rfe1 gxf3
30.gxf3 Rg8 31.Qf4 Rg6 32.Qb4 Qxb4 33.Bxb4 Rd4  0-1

[Event "Budapest FS11 GM"]
[Site "Budapest"]
[Date "1995.??.??"]
[Round "7"]
[White "Acs, Peter"]
[Black "Volzhin, Alexander"]
[Result "1-0"]
[WhiteElo "2370"]
[BlackElo "2460"]

1.e4 c5 2.c3 Nf6 3.e5 Nd5 4.d4 cxd4 5.Nf3 e6 6.cxd4 d6 7.a3 Nc6 8.Bd3 Qa5+
9.Bd2 Qb6 10.Nc3 Nxc3 11.bxc3 dxe5 12.dxe5 g6 13.O-O Bg7 14.Qe2 Qc7 15.Bf4 b6
16.h4 Bb7 17.h5 O-O 18.Rfe1 Rad8 19.Rad1 Rd5 20.Be4 Rxd1 21.Rxd1 Rd8 22.Rd6 Bf8
23.Rxd8 Nxd8 24.Ng5 h6 25.Nf3 g5 26.Bd2 Bg7 27.c4 Nc6 28.Bc3 Qe7 29.a4 Qa3
30.Qd2 Qxa4 31.Qd7 Qxc4 32.Bg6 fxg6 33.hxg6 Qc5 34.Qe8+ Qf8 35.Qxe6+ Kh8
36.Nxg5 hxg5 37.Qh3+ Bh6 38.e6+ Kg8 39.e7  1-0

[Event "Budapest FS10 GM"]
[Site "Budapest"]
[Date "1995.??.??"]
[Round "8"]
[White "Seul, Georg"]
[Black "Schneider, Attila"]
[Result "1/2-1/2"]
[WhiteElo "2430"]
[BlackElo "2355"]

1.e4 c5 2.c3 Nf6 3.e5 Nd5 4.d4 cxd4 5.Qxd4 e6 6.Nf3 Nc6 7.Qe4 d6 8.Nbd2 Bd7
9.exd6 Bxd6 10.Nc4 Be7 11.g3 O-O 12.Bg2 Na5 13.Nxa5 Qxa5 14.O-O Bc6 15.Ne5 Rac8
16.Nxc6 bxc6 17.c4 Nf6 18.Qe2 Rfd8 19.Bf4 Bc5 20.Be5 Bd4 21.Bxd4 Rxd4 22.Rfd1 Rxd1+
23.Qxd1 Rd8 24.Qb3 c5 25.Rd1 Rxd1+ 26.Qxd1  1/2-1/2

[Event "Budapest FS05 GM"]
[Site "Budapest"]
[Date "1995.??.??"]
[Round "8"]
[White "McDonald, Neil R"]
[Black "Enders, Peter"]
[Result "1-0"]
[WhiteElo "2460"]
[BlackElo "2480"]

1.e4 c5 2.c3 Nf6 3.e5 Nd5 4.g3 d6 5.exd6 Qxd6 6.Bg2 Nc6 7.Ne2 g6 8.d4 cxd4
9.Nxd4 Nxd4 10.Qxd4 Qe6+ 11.Qe4 Bg7 12.O-O Qxe4 13.Bxe4 Nc7 14.Na3 O-O 15.Nc4 Rd8
16.Bf4 Nd5 17.Rad1 Be6 18.Na5 Nxf4 19.gxf4 Bxa2 20.Bxb7 Rab8 21.Kg2 Bf6 22.Ra1 Rxb7
23.Rxa2 Rc7 24.Re1 Rb8 25.Re4 Rb5 26.Nc4 Kg7 27.Ne3 e6 28.Rea4 Rbb7 29.Nc4 Rd7
30.Kf3 Rbc7 31.Ke2 h6 32.Ne3 h5 33.Rc4 Rb7 34.Rca4 e5 35.f5 Bg5 36.fxg6 Kxg6
37.Nc4 f6 38.h3 Kf5 39.Ne3+ Ke6 40.Nc4 Bc1 41.Ra6+ Ke7 42.Rc6 Rdc7 43.Raa6 Rxc6
44.Rxc6 Rd7 45.b4 e4 46.Ne3 Rd2+ 47.Kf1 Rd3 48.Nf5+ Kd7 49.Ra6 Rxc3 50.Rxa7+ Ke6
51.Nd4+ Ke5 52.Ne2 Rc4 53.Ra5+ Ke6 54.Rxh5 Bd2 55.b5 f5 56.b6 Rb4 57.b7 Rb1+
58.Kg2 e3 59.Nd4+ Ke5 60.fxe3 Ke4 61.Nxf5 Bc3 62.Nd6+ Kxe3 63.Rb5  1-0

[Event "Budapest FS12 GM"]
[Site "Budapest"]
[Date "1995.??.??"]
[Round "9"]
[White "Hmadi, Slaheddine"]
[Black "Cao Sang"]
[Result "0-1"]
[WhiteElo "2325"]
[BlackElo "2420"]

1.e4 c5 2.c3 Nf6 3.e5 Nd5 4.d4 cxd4 5.Nf3 Nc6 6.Bc4 Nb6 7.Bb3 g6 8.cxd4 Bg7
9.O-O O-O 10.h3 d5 11.exd6 Qxd6 12.Be3 Nd5 13.Bxd5 Qxd5 14.Nc3 Qh5 15.d5 Rd8
16.dxc6 Rxd1 17.Rfxd1 bxc6 18.Rd8+ Bf8 19.Rad1 Qa5 20.b4 Qc7 21.Ne4 Rb8 22.Nc5 Bf5
23.Rxb8 Qxb8 24.Nd4 Qc8 25.Nxf5 gxf5 26.Rd7 e5 27.Rxa7 f4 28.Bd2 Bxc5 29.bxc5 Qb8
30.Rd7 Qb1+ 31.Kh2 Qxa2 32.Bc3 f6 33.f3 Qf2 34.Bb4 e4 35.fxe4 f3  0-1

[Event "Budapest FS11 IM-B"]
[Site "Budapest"]
[Date "1995.??.??"]
[Round "9"]
[White "Estrada Nieto, Julian"]
[Black "Kuljabin, Vadim"]
[Result "1-0"]
[WhiteElo "2295"]
[BlackElo "2230"]

1.e4 c5 2.c3 Nf6 3.e5 Nd5 4.Nf3 e6 5.Bc4 Nc7 6.d4 b6 7.O-O Bb7 8.Qe2 cxd4
9.cxd4 Be7 10.Nc3 O-O 11.Rd1 Kh8 12.d5 exd5 13.Nxd5 Ne6 14.Nxe7 Qxe7 15.Nd4 Nxd4
16.Rxd4 Nc6 17.Re4 Na5 18.Rd4 Nxc4 19.Qxc4 Rac8 20.Qe2 f6 21.Bf4 Rfe8 22.Qg4 d5
23.Re1 Rc2 24.h4 Rxb2 25.Re3 Rf8 26.exf6 Qxf6 27.Be5 Qh6 28.Rg3 Rg8 29.Rf4 Bc8
30.Bxg7+  1-0

[Event "Budapest"]
[Site "Budapest"]
[Date "1995.??.??"]
[Round "11"]
[White "Raubal, Martin"]
[Black "Fancsy, Imre"]
[Result "1/2-1/2"]
[WhiteElo "2205"]
[BlackElo "2365"]

1.e4 c5 2.c3 Nf6 3.e5 Nd5 4.d4 cxd4 5.Nf3 Nc6 6.Bc4 Nb6 7.Bb3 d5 8.exd6 Qxd6
9.O-O Be6 10.Na3 dxc3 11.Nb5 Qxd1 12.Rxd1 Rc8 13.Bxe6 fxe6 14.bxc3 Nc4 15.Ng5 e5  1/2-1/2

[Event "Budapest FS11 IM-B"]
[Site "Budapest"]
[Date "1995.??.??"]
[Round "11"]
[White "Estrada Nieto, Julian"]
[Black "Turzo, Attila"]
[Result "0-1"]
[WhiteElo "2295"]
[BlackElo "2310"]

1.e4 c5 2.c3 Nf6 3.e5 Nd5 4.Nf3 Nc6 5.Bc4 Nb6 6.Be2 d5 7.exd6 Qxd6 8.O-O g6
9.Na3 Bg7 10.d3 O-O 11.Nb5 Qb8 12.Be3 a6 13.Na3 Qd6 14.Qc1 e5 15.Nd2 Nd7
16.Ne4 Qe7 17.f4 f5 18.Ng3 g5 19.fxg5 f4 20.Bxf4 exf4 21.Rxf4 Rxf4 22.Qxf4 Nf8
23.Ne4 Be6 24.Nc2 Nd7 25.Ne3 Rf8 26.Qc7 Nd8 27.Ng4 Bf5 28.Rf1 Bxe4 29.Rxf8+ Kxf8
30.dxe4 Ne5 31.Qc8 Qxg5 32.Qxc5+ Ke8 33.Nxe5 Bxe5 34.g3 Nc6 35.Bxa6 Qd2 36.Bxb7 Qc1+
37.Kg2 Qxb2+ 38.Kh3 Qxb7 39.Qc4 Kf8 40.Qc5+ Kg7 41.a4 Qd7+ 42.Kg2 Qd2+ 43.Kh3 Qxc3
44.Qd5 Ne7 45.Qb5 Bc7 46.Qd7 Qe5 47.Qg4+ Ng6 48.Qd7+ Ne7 49.Qg4+ Kf7 50.Qd7 Qe6+
51.Qxe6+ Kxe6 52.Kg4 Ke5 53.Kg5 Ng6 54.g4 Kxe4 55.h4 Bd8+ 56.Kh5 Kf4 57.g5 Kf5
58.a5 Bxa5  0-1

[Event "Budapest FS06 IM"]
[Site "Budapest"]
[Date "1995.??.??"]
[Round "11"]
[White "Acs, Peter"]
[Black "Cao Sang"]
[Result "1-0"]
[WhiteElo "2240"]
[BlackElo "2300"]

1.e4 c5 2.c3 Nf6 3.e5 Nd5 4.d4 cxd4 5.Nf3 Nc6 6.Bc4 Nb6 7.Bb3 d5 8.exd6 Qxd6
9.O-O Be6 10.Bxe6 Qxe6 11.Nxd4 Nxd4 12.Qxd4 Rd8 13.Qh4 Qg6 14.Be3 e5 15.Bxb6 Qxb6
16.Na3 Be7 17.Qa4+ Qc6 18.Qxc6+ bxc6 19.Nc4 f6 20.Rfd1 Rd7 21.Kf1 Kd8 22.Ke2 Rxd1
23.Rxd1+ Kc7 24.Rd3 g6 25.g4 h5 26.g5 e4 27.Rd4 fxg5 28.Rxe4 Bd6 29.h3 Rf8
30.Re6 Bc5 31.f3 Rf4 32.Ne5 Bd6 33.Nd3 Rh4 34.Nf2 g4 35.fxg4 hxg4 36.hxg4 g5
37.Kf3 Rh7 38.Ke4 Kd7 39.Kf5 Be7 40.Ne4 Rh2 41.Re5 Rxb2 42.Ra5 a6 43.a4 Rb6
44.Ke5 Kc7 45.Ke6 Kd8 46.Re5 Rb3 47.a5 Rb5 48.Rf5 Rb2 49.Rf2 Rxf2 50.Nxf2 Ke8
51.Ne4 Kd8 52.Nd6 Bf8 53.Nf7+ Ke8 54.Nd6+ Kd8 55.Nf7+ Ke8 56.Nxg5 Bc5 57.Ne4 Be7
58.Nf6+ Kf8 59.Nh7+ Ke8 60.g5  1-0